KOHA-Header-6

Law Library Pakistan Tax Laws Of Pakistan (Record no. 2868)

000 -LEADER
fixed length control field 00281nam a2200109Ia 4500
008 - FIXED-LENGTH DATA ELEMENTS--GENERAL INFORMATION
fixed length control field 190902s9999||||xx |||||||||||||| ||und||
100 ## - MAIN ENTRY--PERSONAL NAME
Personal name Huzaima & Ikram
245 #0 - TITLE STATEMENT
Title Law Library Pakistan Tax Laws Of Pakistan
260 ## - PUBLICATION, DISTRIBUTION, ETC. (IMPRINT)
Place of publication, distribution, etc London
Name of publisher, distributor, etc Prentice Hall
Date of publication, distribution, etc 2006
300 ## - PHYSICAL DESCRIPTION
Extent 1084
942 ## - ADDED ENTRY ELEMENTS (KOHA)
Koha item type Books
Holdings
Withdrawn status Lost status Damaged status Not for loan Collection code Permanent Location Current Location Shelving location Date acquired Barcode Date last seen Price effective from Koha item type
        Law MAJU MAJU Shelf No.A46 2019-09-02 6536 2019-09-02 2019-09-02 Law

Powered by Koha